Teen Wolf characteristics of characters - Statistics

General Stats
  • This quiz has been taken 620 times
  • The average score is 9 of 10
Answer Stats
Question Answer % Correct
Strawberry Blonde, AHHHHHHHHH!!!!! Lydia
99%
Red eyes, #11, Scott
99%
yellow eyes, fire, treskelion Derek
98%
^ best friends, #24, Bat, abominable snowman Stiles
98%
Argent, ____ jaguar Kate
93%
#15, fire all around, Chinese checkers Kira
91%
#14, Freezer, yellow eyes Isaac
90%
Hunter Allison
85%
THE alpha Deucalion
81%
Always wants to fight things, blue eyes Malia
66%
No matching quizzes found
Score Distribution
Percent of People with Each Score
Percentile by Number Answered
Your Score History
You have not taken this quiz